MARC

LEADER 00000cam a2200000 a 4500
001 vtls011595411
003 SK-MaSNL
005 20260301221043.0
008 240318s2016 xo o g 000 fbslo
015 |a SNBA2017/01 
020 |a 9788055151496  |q (viaz.) 
035 |a urn:nbn:sk:snk-am00d7hr 
035 |a urn:nbn:sk:snk-am3hsah 
035 |a 83DD428F-D1AE-4ABB-BBE8-045E9C9AE886 
040 |a SNK  |b slo  |c SNK  |e AACR2 
041 1 |a slo  |h por 
043 |a e-ne---  |a e-gx--- 
044 |a xo  |c SK 
072 7 |a 821.134.3  |x Portugalská literatúra  |2 konspekt 
072 7 |a 929  |x Biografie  |2 konspekt 
080 |a 821.134.3(81)-31  |2 2011 
080 |a (0:82-312.6)  |2 2011 
080 |a 793.3  |2 2011 
080 |a (492)  |2 2011 
080 |a (430)  |2 2011 
080 |a 355.40-055.2  |2 2011 
080 |a 355.483(100)"1914/1918"  |2 2011 
080 |a 355.40+351.746.1  |2 2011 
100 1 |a Coelho, Paulo,  |d 1947-  |4 aut  |9 91339 
240 1 2 |a A Espiá  |l Slovensky 
245 1 0 |a Špiónka  |c Paulo Coelho ; preložila Jana Benková Marcelliová 
260 |a Bratislava  |b Ikar  |c 2016 
300 |a 181 s.  |b fotogr.  |c 21 cm 
500 |a Preložené z portugalčiny 
600 0 7 |a Mata Hari,  |d 1876-1917  |2 SNKMA  |9 16868 
650 0 7 |a tanečnice  |2 SNKPH  |9 114097 
650 0 7 |a agentky  |2 SNKPH  |9 87432 
650 0 7 |a prvá svetová vojna (1914-1918)  |2 SNKPH  |9 162650 
650 0 7 |a spravodajské služby  |z Nemecko  |y 1914-1918  |2 SNKPH  |9 346730 
650 0 7 |a Dancers  |2 SNKPHeng  |9 360717 
650 0 7 |a Women spies  |z Netherlands  |y 19th-20th centuries  |2 SNKPHeng  |9 608967 
650 0 7 |a World War (1914-1918)  |2 SNKPHeng  |9 293703 
650 0 7 |a Intelligence service  |z Germany  |y 1914-1918  |2 SNKPHeng  |9 608968 
651 7 |a Holandsko  |2 SNKPHgeo  |9 17433 
655 7 |a brazílske romány  |2 SNKPH  |9 70682 
655 7 |a autobiografické romány  |2 SNKPH  |9 70327 
655 7 |a Brazilian fiction  |2 SNKPHeng  |9 327027 
655 7 |a Autobiographical novels  |2 SNKPHeng  |9 319560 
700 1 |a Benková Marcelliová, Jana,  |d 1979-  |4 trl  |9 215646 
852 |a Štátna vedecká knižnica v Banskej Bystrici 
919 |a 978-80-551-5149-6 
958 |a LX 
958 |a UP 
958 |a BC 
968 |b POR 
999 |c 934278  |d 936208 
952 |a SNK  |b SNK  |y PREZ  |7 0  |p 17A1219599  |o snkSC 172673  |i snk2017/1293  |8 0  |0 0  |1 0  |4 0  |d 2017-01-17  |f 1  |l 0  |r 2025-09-10 00:00:00  |w 2026-02-24 
952 |a SNK  |b SNK  |y PREZ  |7 0  |p 17A1219623  |o snkSC 172673 D1  |i snk2017/1294  |8 0  |0 0  |1 0  |4 0  |d 2017-01-17  |l 0  |r 2026-02-24 08:59:04  |w 2026-02-24